000 00318nam a22001337a 4500
008 170904b xxu||||| |||| 00| 0 eng d
020 _a9780805839906
041 _aeng
080 _a070
100 _a40
101 _aMED
245 _aMAINTATING RELATIONS THROUGH COMMUNICATION
_cCANARY.D.J
942 _2udc
_cBK
999 _c25981
_d25981